| 000 | 00712cam a2200241 4500500 | ||
|---|---|---|---|
| 005 | 20260405000251.0 | ||
| 041 | _afre | ||
| 042 | _adc | ||
| 100 | 1 | 0 |
_aLouey, Sophie _eauthor |
| 245 | 0 | 0 | _a“Sur le télétravail, un retour en arrière briserait la confiance” |
| 260 | _c2025. | ||
| 500 | _a99 | ||
| 690 | _aCulture d’entreprise | ||
| 690 | _aEntreprise | ||
| 690 | _aEnvironnement de travail | ||
| 690 | _aManagement | ||
| 690 | _aRessources humaines | ||
| 690 | _aSanté | ||
| 690 | _aTélétravail | ||
| 690 | _aTravail | ||
| 786 | 0 | _nPhilonomist | - | 3 | 2025-03-19 | p. 1-4 | |
| 856 | 4 | 1 | _uhttps://shs.cairn.info/magazine-philonomist-2025-3-page-1?lang=fr&redirect-ssocas=7080 |
| 999 |
_c2035325 _d2035325 |
||